Principles of Auditing & Other Assurance Services. (Record no. 1680)

MARC details
005 - DATE AND TIME OF LATEST TRANSACTION
control field 20250425162854.0
020 ## - INTERNATIONAL STANDARD BOOK NUMBER
International Standard Book Number 978-0-07-017054-4
082 ## - DEWEY DECIMAL CLASSIFICATION NUMBER
Classification number 657.45 WHI
100 ## - MAIN ENTRY--PERSONAL NAME
Author name WHITTNGTON, O. R.
245 ## - TITLE STATEMENT
Title Principles of Auditing & Other Assurance Services.
250 ## - EDITION STATEMENT
Edition statement 17th Ed.
260 ## - PUBLICATION, DISTRIBUTION, ETC.
Place of publication, distribution, etc. London,
Name of publisher, distributor, etc. Mcgraw- Hill Irwin,
Date of publication, distribution, etc. 2010.
300 ## - PHYSICAL DESCRIPTION
Extent xxx,833p.: Ill.;figures
Other physical details Index
Dimensions 26cm.
700 ## - ADDED ENTRY--PERSONAL NAME
Other authors/Editors PANY, K.
942 ## - ADDED ENTRY ELEMENTS (KOHA)
Source of classification or shelving scheme Dewey Decimal Classification
Koha item type Books
Holdings
Date last seen Total checkouts Full call number Barcode Cost, replacement price Price effective from Koha item type Lost status Source of classification or shelving scheme Damaged status Not for loan Withdrawn status Home library Current library Shelving location Date acquired Cost, normal purchase price Source of acquisition
06/29/2025   657.45.WHI DOM0003256 262200.00 04/25/2025 Books   Dewey Decimal Classification       CBE Dodoma CBE Dodoma General Collection 01/07/2000 87400.00 Library budget
04/25/2025   657.45.WHI 0000006236 262200.00 04/25/2025 Books   Dewey Decimal Classification       College of Business Education Main Library College of Business Education Main Library General Collection 04/25/2025 87400.00